| 000 | 01639cam a2200385 a 4500 | ||
|---|---|---|---|
| 001 | 17327636 | ||
| 003 | NUST | ||
| 005 | 20220726162525.0 | ||
| 008 | 120601s2012 nyu b 001 0 eng | ||
| 010 | _a 2012020258 | ||
| 020 | _a9780874479874 (pbk.) | ||
| 038 | _aAzhar | ||
| 040 |
_aDLC _cDLC _dDLC |
||
| 042 | _apcc | ||
| 043 | _an-us--- | ||
| 050 | 0 | 0 |
_aLB2351.52.U6 _bM277 2012 |
| 082 | 0 | 0 |
_a378.1616 _bMCG |
| 084 |
_aSTU009000 _2bisacsh |
||
| 100 | 1 |
_aMcGinty, Sarah Myers. _995348 |
|
| 245 | 1 | 4 |
_aThe college application essay _cSarah Myers McGinty. |
| 250 | _a6th ed. | ||
| 260 |
_aBoston _bMarlborough street books _c2015. |
||
| 300 |
_a160 p. ; _c23 cm. |
||
| 504 | _aIncludes bibliographical references and index. | ||
| 520 |
_a"The 25th- anniversary edition of this best-selling guide gives students simple strategies to maximize the opportunity to "tell us about yourself." Updated to reflect the experience college applicants face today, this book provides a clear path to an essay that says, "Pick me!""-- _cProvided by publisher. |
||
| 650 | 0 |
_aCollege applications _zUnited States. _993659 |
|
| 650 | 0 |
_aUniversities and colleges _zUnited States _xAdmission. _995349 |
|
| 650 | 0 |
_aExposition (Rhetoric) _993660 |
|
| 650 | 0 |
_aEssay _xAuthorship. _993661 |
|
| 650 | 7 |
_aSTUDY AIDS / College Entrance. _2bisacsh _995350 |
|
| 856 | 4 | 2 |
_3Cover image _uhttp://www.netread.com/jcusers2/bk1388/874/9780874479874/image/lgcover.9780874479874.jpg |
| 906 |
_a7 _bcbc _corignew _d1 _eecip _f20 _gy-gencatlg |
||
| 942 |
_2ddc _cLC |
||
| 999 |
_c590670 _d590670 |
||